[Event "IECC O-4472"]
[Site "IECC email"]
[Date "2017.01.15"]
[Round "?"]
[White "Maroneze, Bruno Oliveira"]
[Black "Basson, Heinrich"]
[Result "1/2-1/2"]
[WhiteElo "1687"]
[BlackElo "1599"]
[PlyCount "32"]
[EventDate "2017.??.??"]
[EventType "swiss (corr)"]
[EventRounds "2"]
[SourceTitle "Corr 2020"]
[Source "ChessBase"]
[SourceDate "2019.09.30"]
[SourceVersion "1"]
[SourceVersionDate "2019.09.30"]
[SourceQuality "1"]
[WhiteTeam "Brazil"]
[BlackTeam "South Africa"]
[WhiteTeamCountry "BRA"]
[BlackTeamCountry "RSA"]

1. d4 d5 2. Nf3 Nf6 3. e3 c6 4. Bd3 e6 5. 0-0 Be7 6. Re1 0-0 7. c3 b6 8. Nbd2 Nbd7 9. e4 dxe4 10. Nxe4 Bb7 11. Qc2 c5 12. dxc5 Nxc5 13. Nxc5 Bxc5 14. Bg5 h6 15. Bxf6 Qxf6 16. Be4 Bxe4 1/2-1/2

[Event "IECG CB.2003.0.00084 email"]
[Site "IECG email"]
[Date "2003.06.20"]
[Round "?"]
[White "Maroneze, Bruno Oliveira"]
[Black "Van Bommel, Ton"]
[Result "0-1"]
[WhiteElo "1960"]
[BlackElo "1858"]
[PlyCount "38"]
[EventDate "2003.06.20"]
[EventType "tourn (corr)"]
[EventRounds "6"]
[SourceTitle "Corr 2008"]
[Source "ChessBase"]
[SourceDate "2008.06.24"]
[SourceVersion "1"]
[SourceVersionDate "2008.06.24"]
[SourceQuality "1"]

1. d4 d5 2. c4 dxc4 3. Nf3 Nf6 4. e3 e6 5. Bxc4 c5 6. Qe2 a6 7. dxc5 Bxc5 8. 0-0 Nc6 9. Nc3 e5 10. Bxf7+ Kf8 11. Ng5 Qe7 12. Bc4 e4 13. a3 h6 14. Nf7 Rh7 15. b4 Ba7 16. Qd2 Be6 17. Bxe6 Qxe6 18. b5 axb5 19. Nxb5 Qxf7 0-1

[Event "IECG CB.2003.0.00084 email"]
[Site "IECG email"]
[Date "2003.06.20"]
[Round "?"]
[White "Ottaviani, Mauro"]
[Black "Maroneze, Bruno Oliveira"]
[Result "1-0"]
[WhiteElo "1967"]
[BlackElo "1960"]
[PlyCount "67"]
[EventDate "2003.06.20"]
[EventType "tourn (corr)"]
[EventRounds "6"]
[SourceTitle "Corr 2008"]
[Source "ChessBase"]
[SourceDate "2008.06.24"]
[SourceVersion "1"]
[SourceVersionDate "2008.06.24"]
[SourceQuality "1"]

1. e4 e5 2. Nf3 Nc6 3. Bb5 a6 4. Bxc6 dxc6 5. 0-0 f6 6. d4 Bg4 7. dxe5 Qxd1 8. Rxd1 fxe5 9. Nbd2 0-0-0 10. Re1 Bd6 11. h3 Bh5 12. Nh4 Ne7 13. Nf5 Nxf5 14. exf5 Bf7 15. Nf3 Rhe8 16. Ng5 Bg8 17. Bd2 Rf8 18. g4 h6 19. Ne4 Bd5 20. b3 c5 21. c4 Bc6 22. Bc3 Rd7 23. Re3 h5 24. f3 hxg4 25. hxg4 Kb8 26. Rae1 Rg8 27. Nf2 Re8 28. Nd3 Rde7 29. Nxe5 Bxe5 30. Rxe5 Rxe5 31. Bxe5 Re7 32. Kf2 a5 33. Bc3 Rxe1 34. Bxe1 1-0

[Event "IECC Swiss email"]
[Site "IECC email"]
[Date "2003.03.29"]
[Round "?"]
[White "Maroneze, Bruno Oliveira"]
[Black "Booth, Grahame"]
[Result "1-0"]
[WhiteElo "1643"]
[BlackElo "1021"]
[PlyCount "59"]
[EventDate "2003.??.??"]
[EventType "tourn (corr)"]
[EventRounds "6"]
[SourceTitle "Corr 2008"]
[Source "ChessBase"]
[SourceDate "2008.06.24"]
[SourceVersion "1"]
[SourceVersionDate "2008.06.24"]
[SourceQuality "1"]

1. e4 e5 2. Nf3 Nf6 3. Bb5 c6 4. Be2 Qb6 5. Nxe5 Nxe4 6. d4 Bb4+ 7. c3 Ba5 8. b4 Bxb4 9. cxb4 Qxb4+ 10. Kf1 Qd6 11. Qd3 f5 12. Bf4 0-0 13. f3 Qb4 14. fxe4 Na6 15. Qc4+ Qxc4 16. Nxc4 d5 17. exd5 cxd5 18. Nd6 Bd7 19. Nc3 Rf6 20. Nxd5 Rxd6 21. Bxd6 Bc6 22. Ne7+ Kf8 23. Nxc6+ Kf7 24. Ne5+ Kf6 25. Bxa6 bxa6 26. Ke2 Rc8 27. Rac1 Rd8 28. Rc6 f4 29. Bc7+ Kf5 30. Bxd8 1-0

[Event "IECC KO email"]
[Site "IECC email"]
[Date "2002.10.29"]
[Round "?"]
[White "Hort, Wolfgang"]
[Black "Maroneze, Bruno Oliveira"]
[Result "1/2-1/2"]
[WhiteElo "1776"]
[BlackElo "1629"]
[PlyCount "105"]
[EventDate "2002.??.??"]
[EventType "tourn (corr)"]
[EventRounds "6"]
[SourceTitle "Corr 2008"]
[Source "ChessBase"]
[SourceDate "2008.06.24"]
[SourceVersion "1"]
[SourceVersionDate "2008.06.24"]
[SourceQuality "1"]

1. d4 Nf6 2. c4 g6 3. Nc3 Bg7 4. e4 0-0 5. Nf3 d6 6. Be2 Bg4 7. Be3 Nfd7 8. Rc1 e5 9. d5 a5 10. 0-0 Na6 11. Ng5 Bxe2 12. Qxe2 Qe7 13. Qg4 Nf6 14. Qh4 Rfe8 15. Rcd1 Nc5 16. Bxc5 dxc5 17. Nf3 Rad8 18. Qg5 Nh5 19. Qxe7 Rxe7 20. Rfe1 Nf4 21. g3 Nh5 22. Na4 b6 23. Nc3 Nf6 24. Nb5 Rf8 25. Na7 Ng4 26. Nc6 Ree8 27. Kg2 f5 28. h3 Nh6 29. Ng5 f4 30. Ne6 Rf7 31. gxf4 exf4 32. e5 Nf5 33. Kf3 Nh4+ 34. Kg4 Nf5 35. h4 h5+ 36. Kh3 Bh6 37. Rg1 Kh7 38. Rg2 f3 39. Ng5+ Bxg5 40. Rxg5 Ne7 41. Nxe7 Rfxe7 42. Re1 Kh6 43. Rg3 Rxe5 44. Reg1 Rg8 45. Rxf3 Re2 46. Rb1 Rc2 47. Rf4 Rg7 48. a3 g5 49. Rf6+ Rg6 50. hxg5+ Kxg5 51. Rf7 Rxc4 52. Rg1+ Rg4 53. Rxg4+ 1/2-1/2

[Event "IECC KO email"]
[Site "IECC email"]
[Date "2002.10.29"]
[Round "?"]
[White "Maroneze, Bruno Oliveira"]
[Black "Hort, Wolfgang"]
[Result "0-1"]
[WhiteElo "1614"]
[BlackElo "1786"]
[PlyCount "62"]
[EventDate "2002.??.??"]
[EventType "tourn (corr)"]
[EventRounds "6"]
[SourceTitle "Corr 2008"]
[Source "ChessBase"]
[SourceDate "2008.06.24"]
[SourceVersion "1"]
[SourceVersionDate "2008.06.24"]
[SourceQuality "1"]

1. e4 c6 2. d4 d5 3. Nc3 dxe4 4. Nxe4 Bf5 5. Ng3 Bg6 6. h4 h6 7. Nf3 Nd7 8. h5 Bh7 9. Bd3 Bxd3 10. Qxd3 Ngf6 11. Bd2 e6 12. 0-0-0 Be7 13. Ne4 0-0 14. Nxf6+ Nxf6 15. Kb1 Qd5 16. Ne5 Rad8 17. Be3 Bd6 18. Nc4 Bb8 19. Qe2 Qf5 20. Rdg1 Qb5 21. Rh4 Nd5 22. Qd3 Rd7 23. b3 Rfd8 24. Qd2 Ne7 25. g4 c5 26. c3 cxd4 27. cxd4 e5 28. Na3 Qa6 29. Nc2 exd4 30. Bxd4 Be5 31. Qe3 Bxd4 0-1

[Event "IECC CL4-2002.25"]
[Site "IECC email"]
[Date "2002.09.17"]
[Round "?"]
[White "Maroneze, Bruno Oliveira"]
[Black "Morganti, Lionello"]
[Result "1/2-1/2"]
[WhiteElo "1648"]
[BlackElo "1720"]
[PlyCount "79"]
[EventDate "2002.??.??"]
[EventType "tourn (corr)"]
[EventRounds "4"]
[SourceTitle "Corr 2008"]
[Source "ChessBase"]
[SourceDate "2008.06.24"]
[SourceVersion "1"]
[SourceVersionDate "2008.06.24"]
[SourceQuality "1"]

1. e4 e6 2. d4 d5 3. Nc3 Bb4 4. a3 Bxc3+ 5. bxc3 dxe4 6. Qg4 Nf6 7. Qxg7 Rg8 8. Qh6 Rg6 9. Qe3 Nc6 10. Bb2 Ne7 11. 0-0-0 b5 12. f3 Ned5 13. Qe1 e3 14. Bxb5+ Bd7 15. Bf1 Rb8 16. c4 Rb6 17. cxd5 Qb8 18. dxe6 Bxe6 19. Qxe3 Rxb2 20. Qc3 Rb6 21. Kd2 Nd5 22. Qc5 Qb7 23. Nh3 Rb2 24. g4 h5 25. gxh5 Rh6 26. Ng5 Rxh5 27. Nxe6 fxe6 28. Bd3 Rh3 29. Bg6+ Kd7 30. Be4 Qb3 31. Bxd5 Qxd5 32. Qxd5+ exd5 33. Kc3 Rb6 34. Rd3 Rf6 35. Kb4 Kd6 36. Kb5 Rfxf3 37. Rxf3 Rxf3 38. a4 Rc3 39. Rc1 Rc4 40. a5 1/2-1/2

[Event "IECC KO email"]
[Site "IECC email"]
[Date "2001.02.26"]
[Round "?"]
[White "Sveinsson, Jon Arni"]
[Black "Maroneze, Bruno Oliveira"]
[Result "1-0"]
[WhiteElo "1918"]
[BlackElo "1686"]
[PlyCount "35"]
[EventDate "2001.??.??"]
[EventType "tourn (corr)"]
[EventRounds "6"]
[SourceTitle "Corr 2008"]
[Source "ChessBase"]
[SourceDate "2008.06.24"]
[SourceVersion "1"]
[SourceVersionDate "2008.06.24"]
[SourceQuality "1"]

1. e4 e5 2. Nf3 Nc6 3. Bc4 Nf6 4. Ng5 d5 5. exd5 Nd4 6. c3 b5 7. Bf1 Nxd5 8. Nxf7 Kxf7 9. cxd4 exd4 10. Qf3+ Kg8 11. Bxb5 Be6 12. 0-0 Rb8 13. Bc4 Be7 14. Qe4 Qd6 15. Re1 Kf7 16. Qxd4 Rhe8 17. Rxe6 Kxe6 18. Nc3 1-0

[Event "IECC CL4-2001.05"]
[Site "IECC email"]
[Date "2001.02.12"]
[Round "?"]
[White "Maroneze, Bruno Oliveira"]
[Black "Powles, Jonathan"]
[Result "0-1"]
[WhiteElo "1628"]
[BlackElo "1823"]
[PlyCount "52"]
[EventDate "2001.??.??"]
[EventType "tourn (corr)"]
[EventRounds "4"]
[SourceTitle "Corr 2008"]
[Source "ChessBase"]
[SourceDate "2008.06.24"]
[SourceVersion "1"]
[SourceVersionDate "2008.06.24"]
[SourceQuality "1"]

1. d4 Nf6 2. c4 e6 3. a3 c5 4. Nf3 g6 5. e3 cxd4 6. exd4 Bg7 7. Be3 d5 8. Nc3 0-0 9. Bd3 dxc4 10. Bxc4 Qc7 11. Qe2 Nbd7 12. Nb5 Qa5+ 13. b4 Qd8 14. 0-0 a6 15. Nd6 Nb6 16. Nxc8 Nxc4 17. Qxc4 Rxc8 18. Qd3 Qd5 19. Rfe1 Rfd8 20. Bg5 h6 21. Bxf6 Bxf6 22. Qe4 Qxe4 23. Rxe4 b6 24. Rd1 Rc3 25. a4 Rb3 26. b5 axb5 0-1